[Event "Portugal Open 2020"]
[Site "Lisboa POR"]
[Date "2020.01.25"]
[Round "1.1"]
[White "ATAKAY, Mustafa"]
[Black "MOTYLEV, Alexander"]
[Result "0-1"]
[BlackElo "2640"]
[WhiteElo "1886"]
[LiveChessVersion "1.4.8"]

1. d4 {[%clk 1:30:56]} Nf6 {[%clk 1:30:54]} 2. c4 {[%clk 1:31:21]} e6
{[%clk 1:31:19]} 3. g3 {[%clk 1:31:47]} Bb4+ {[%clk 1:31:22]} 4. Bd2
{[%clk 1:32:12]} Be7 {[%clk 1:31:47]} 5. Bg2 {[%clk 1:30:22]} d5 {[%clk 1:32:09]}
6. Nf3 {[%clk 1:30:05]} O-O {[%clk 1:32:33]} 7. O-O {[%clk 1:24:41]} Nbd7
{[%clk 1:32:57]} 8. Qc2 {[%clk 1:23:57]} c6 {[%clk 1:33:21]} 9. Rd1
{[%clk 1:21:30]} a5 {[%clk 1:33:40]} 10. b3 {[%clk 1:13:07]} b6 {[%clk 1:31:58]}
11. Bf4 {[%clk 1:08:19]} Ba6 {[%clk 1:30:57]} 12. Ne5 {[%clk 0:56:03]} Nxe5
{[%clk 1:31:04]} 13. Bxe5 {[%clk 0:54:12]} Rc8 {[%clk 1:31:17]} 14. Nd2
{[%clk 0:45:01]} Ng4 {[%clk 1:28:59]} 15. Bf4 {[%clk 0:39:16]} g5
{[%clk 1:28:26]} 16. Bf3 {[%clk 0:38:23]} Nh6 {[%clk 1:18:16]} 17. Be3
{[%clk 0:38:13]} f5 {[%clk 1:18:09]} 18. Nf1 {[%clk 0:34:52]} Bd6
{[%clk 1:18:16]} 19. c5 {[%clk 0:26:05]} bxc5 {[%clk 1:15:14]} 20. dxc5
{[%clk 0:26:30]} Bc7 {[%clk 1:14:48]} 21. Bc1 {[%clk 0:24:24]} Qf6
{[%clk 1:10:56]} 22. Rb1 {[%clk 0:17:16]} Qg6 {[%clk 1:04:15]} 23. b4
{[%clk 0:12:18]} Rb8 {[%clk 1:01:19]} 24. bxa5 {[%clk 0:10:01]} Rxb1
{[%clk 1:00:10]} 25. Qxb1 {[%clk 0:10:25]} g4 {[%clk 0:59:18]} 26. Bg2
{[%clk 0:10:08]} Bxe2 {[%clk 0:55:23]} 27. Re1 {[%clk 0:08:30]} Ba6
{[%clk 0:55:25]} 28. Bd2 {[%clk 0:07:19]} Nf7 {[%clk 0:54:58]} 29. Bc3
{[%clk 0:03:45]} Ng5 {[%clk 0:52:30]} 30. Nd2 {[%clk 0:01:32]} Qh5
{[%clk 0:34:05]} 31. Kh1 {[%clk 0:00:37]} f4 {[%clk 0:30:29]} 32. Be5
{[%clk 0:00:36]} f3 {[%clk 0:16:31]} 33. Bxc7 0-1

[Event "Portugal Open 2020"]
[Site "Lisboa POR"]
[Date "2020.01.25"]
[Round "1.2"]
[White "TARI, Aryan"]
[Black "MONTEIRO, Jose"]
[Result "1-0"]
[BlackElo "1881"]
[WhiteElo "2635"]
[LiveChessVersion "1.4.8"]

1. c4 {[%clk 1:30:37]} e5 {[%clk 1:30:51]} 2. Nc3 {[%clk 1:30:55]} Nc6
{[%clk 1:31:08]} 3. Nf3 {[%clk 1:30:53]} f5 {[%clk 1:31:01]} 4. d4
{[%clk 1:30:51]} e4 {[%clk 1:31:14]} 5. Ng5 {[%clk 1:31:14]} Bb4 {[%clk 1:30:37]}
6. Nh3 {[%clk 1:30:04]} Qf6 {[%clk 1:29:42]} 7. a3 {[%clk 1:25:26]} Bxc3+
{[%clk 1:29:41]} 8. bxc3 {[%clk 1:25:54]} Qf7 {[%clk 1:27:57]} 9. d5
{[%clk 1:19:03]} Ne5 {[%clk 1:23:23]} 10. Bf4 {[%clk 1:15:03]} Nxc4
{[%clk 1:22:53]} 11. Qd4 {[%clk 1:08:57]} Nb6 {[%clk 1:18:07]} 12. Bxc7
{[%clk 1:03:45]} Nf6 {[%clk 1:17:38]} 13. c4 {[%clk 0:59:27]} O-O
{[%clk 1:16:12]} 14. Bd6 {[%clk 0:57:57]} Re8 {[%clk 1:16:03]} 15. e3
{[%clk 0:58:03]} Na4 {[%clk 1:06:13]} 16. c5 {[%clk 0:58:21]} b6 {[%clk 1:06:34]}
17. Qxa4 {[%clk 0:57:59]} bxc5 {[%clk 1:05:52]} 18. Bc4 {[%clk 0:56:37]} Kh8
{[%clk 1:05:07]} 19. O-O {[%clk 0:55:02]} h6 {[%clk 1:05:19]} 20. Bxc5
{[%clk 0:54:53]} d6 {[%clk 1:04:00]} 21. Bxd6 {[%clk 0:55:10]} g5
{[%clk 1:04:10]} 22. Bb5 {[%clk 0:54:55]} Bd7 {[%clk 1:02:59]} 23. Bxd7
{[%clk 0:55:02]} Nxd7 {[%clk 1:03:17]} 24. Rac1 {[%clk 0:53:55]} f4
{[%clk 1:02:01]} 25. Rc7 {[%clk 0:53:43]} Rad8 {[%clk 1:02:19]} 26. Rb1
{[%clk 0:50:58]} Qf5 {[%clk 1:00:47]} 27. Qd4+ {[%clk 0:48:00]} Nf6
{[%clk 0:59:49]} 28. Be7 {[%clk 0:47:50]} Rxe7 {[%clk 0:59:28]} 29. Rxe7
{[%clk 0:48:17]} f3 {[%clk 0:59:45]} 30. Rf7 1-0

[Event "Portugal Open 2020"]
[Site "Lisboa POR"]
[Date "2020.01.25"]
[Round "1.3"]
[White "SANTOS, Julio"]
[Black "GRIGORYAN, Karen H."]
[Result "0-1"]
[BlackElo "2632"]
[WhiteElo "1880"]
[LiveChessVersion "1.4.8"]

1. e4 {[%clk 1:30:57]} c5 {[%clk 1:30:21]} 2. Nf3 {[%clk 1:31:22]} a6
{[%clk 1:30:35]} 3. c4 {[%clk 1:31:33]} Nc6 {[%clk 1:30:48]} 4. d4
{[%clk 1:31:55]} cxd4 {[%clk 1:31:13]} 5. Nxd4 {[%clk 1:32:21]} Nf6
{[%clk 1:30:54]} 6. Nc3 {[%clk 1:32:43]} e5 {[%clk 1:31:12]} 7. Nc2
{[%clk 1:33:03]} Bc5 {[%clk 1:31:28]} 8. Be2 {[%clk 1:31:27]} d6 {[%clk 1:31:30]}
9. O-O {[%clk 1:31:03]} h6 {[%clk 1:30:52]} 10. Be3 {[%clk 1:29:59]} Be6
{[%clk 1:29:57]} 11. Qd2 {[%clk 1:28:22]} O-O {[%clk 1:29:41]} 12. Rad1
{[%clk 1:26:31]} Kh7 {[%clk 1:24:05]} 13. Kh1 {[%clk 1:24:38]} Ng4
{[%clk 1:20:58]} 14. Bxc5 {[%clk 1:19:03]} dxc5 {[%clk 1:21:20]} 15. Bxg4
{[%clk 1:15:47]} Bxg4 {[%clk 1:21:42]} 16. f3 {[%clk 1:16:09]} Be6
{[%clk 1:22:05]} 17. Ne3 {[%clk 1:15:37]} Nd4 {[%clk 1:22:23]} 18. Ncd5
{[%clk 1:13:25]} b5 {[%clk 1:22:33]} 19. Rc1 {[%clk 1:12:40]} b4 {[%clk 1:18:08]}
20. Qf2 {[%clk 1:05:32]} a5 {[%clk 1:18:14]} 21. h3 {[%clk 1:01:52]} a4
{[%clk 1:17:12]} 22. f4 {[%clk 0:55:05]} exf4 {[%clk 1:15:19]} 23. Nxf4
{[%clk 0:55:32]} Qg5 {[%clk 1:15:04]} 24. Nd3 {[%clk 0:35:45]} Rfe8
{[%clk 1:08:53]} 25. Rce1 {[%clk 0:35:12]} b3 {[%clk 1:04:26]} 26. a3
{[%clk 0:33:32]} Nc2 {[%clk 1:04:04]} 27. Nxc2 {[%clk 0:06:43]} Bxc4
{[%clk 1:04:27]} 28. Re3 {[%clk 0:05:13]} bxc2 {[%clk 1:04:11]} 29. Rg3
{[%clk 0:05:30]} Qf6 {[%clk 0:57:55]} 30. Rc1 {[%clk 0:04:03]} Qxf2 31. Nxf2
{[%clk 0:04:29]} Bb3 {[%clk 0:58:09]} 32. Nd3 {[%clk 0:04:09]} Rad8
{[%clk 0:58:25]} 33. Nf2 {[%clk 0:02:52]} Rd2 {[%clk 0:58:42]} 34. Rf3
{[%clk 0:02:40]} Red8 {[%clk 0:58:54]} 0-1

[Event "Portugal Open 2020"]
[Site "Lisboa POR"]
[Date "2020.01.25"]
[Round "1.4"]
[White "ALEKSEEV, Evgeny"]
[Black "PIPIRAS, Filipa Fortuna"]
[Result "1-0"]
[BlackElo "1876"]
[WhiteElo "2623"]
[LiveChessVersion "1.4.8"]

1. e4 {[%clk 1:30:57]} e5 {[%clk 1:28:53]} 2. Nf3 {[%clk 1:29:41]} Nc6
{[%clk 1:28:54]} 3. Bb5 {[%clk 1:29:35]} a6 {[%clk 1:28:27]} 4. Ba4
{[%clk 1:29:42]} Nf6 {[%clk 1:28:17]} 5. d3 {[%clk 1:28:54]} d6 {[%clk 1:27:16]}
6. c3 {[%clk 1:28:10]} Be7 {[%clk 1:25:38]} 7. O-O {[%clk 1:26:02]} O-O
{[%clk 1:25:06]} 8. Re1 {[%clk 1:22:10]} Re8 {[%clk 1:19:52]} 9. h3
{[%clk 1:20:20]} h6 {[%clk 1:12:53]} 10. Be3 {[%clk 1:14:02]} Bf8
{[%clk 1:04:45]} 11. Nbd2 {[%clk 1:11:46]} b5 {[%clk 0:42:15]} 12. Bc2
{[%clk 1:11:15]} Bb7 {[%clk 0:41:17]} 13. Nb3 {[%clk 1:07:08]} a5
{[%clk 0:36:24]} 14. a4 {[%clk 1:04:43]} b4 {[%clk 0:33:25]} 15. Nfd2
{[%clk 1:04:10]} bxc3 {[%clk 0:24:23]} 16. bxc3 {[%clk 1:04:13]} Nb8
{[%clk 0:21:22]} 17. Qb1 {[%clk 1:02:13]} Nc6 {[%clk 0:13:28]} 18. d4
{[%clk 0:57:25]} exd4 {[%clk 0:12:48]} 19. cxd4 {[%clk 0:56:58]} Ba6
{[%clk 0:11:29]} 20. d5 {[%clk 0:51:12]} Nb4 {[%clk 0:10:06]} 21. Nxa5
{[%clk 0:51:16]} c5 {[%clk 0:09:41]} 22. Nac4 {[%clk 0:48:08]} Bxc4
{[%clk 0:07:18]} 23. Nxc4 {[%clk 0:48:16]} Nxc2 24. Qxc2 {[%clk 0:48:42]} Rxe4
{[%clk 0:07:11]} 25. a5 {[%clk 0:48:47]} Re8 {[%clk 0:07:18]} 26. Qd3
{[%clk 0:48:29]} Nd7 {[%clk 0:05:14]} 27. Bf4 {[%clk 0:45:31]} Qf6
{[%clk 0:04:38]} 28. Bg3 {[%clk 0:44:49]} g6 {[%clk 0:01:38]} 29. Rab1
{[%clk 0:43:32]} Reb8 {[%clk 0:01:34]} 30. Rxb8 {[%clk 0:41:20]} Rxb8
{[%clk 0:01:58]} 31. Qc2 {[%clk 0:38:48]} Kg7 {[%clk 0:01:01]} 32. Rb1
{[%clk 0:31:45]} Rxb1+ {[%clk 0:00:54]} 33. Qxb1 {[%clk 0:32:13]} Qc3
{[%clk 0:00:57]} 34. Qa2 {[%clk 0:27:08]} Qc1+ {[%clk 0:00:52]} 35. Kh2
{[%clk 0:27:32]} Nf6 {[%clk 0:00:46]} 36. a6 {[%clk 0:26:52]} Nxd5
{[%clk 0:01:07]} 37. a7 {[%clk 0:27:11]} Nc7 {[%clk 0:00:53]} 38. Nxd6
{[%clk 0:27:34]} Bxd6 {[%clk 0:01:06]} 39. Bxd6 {[%clk 0:28:00]} Na8
{[%clk 0:01:21]} 40. Qd5 {[%clk 0:28:18]} Nb6 {[%clk 0:01:29]} 41. Be5+
{[%clk 0:28:41]} Kg8 {[%clk 0:01:42]} 42. Qd8+ {[%clk 0:29:03]} 1-0

[Event "Portugal Open 2020"]
[Site "Lisboa POR"]
[Date "2020.01.25"]
[Round "1.5"]
[White "TWARDOWSKI, Hubert"]
[Black "INDIC, Aleksandar"]
[Result "0-1"]
[BlackElo "2622"]
[WhiteElo "1875"]
[LiveChessVersion "1.4.8"]

1. e4 {[%clk 1:30:57]} c5 {[%clk 1:19:59]} 2. Nf3 {[%clk 1:30:55]} a6
{[%clk 1:20:16]} 3. d4 {[%clk 1:30:45]} cxd4 {[%clk 1:20:15]} 4. Nxd4
{[%clk 1:31:01]} e5 {[%clk 1:19:10]} 5. Nb3 {[%clk 1:24:54]} Nf6 {[%clk 1:18:37]}
6. Bg5 {[%clk 1:21:26]} Bb4+ {[%clk 1:13:56]} 7. c3 {[%clk 1:19:02]} Be7
{[%clk 1:14:16]} 8. Bxf6 {[%clk 1:11:43]} Bxf6 {[%clk 1:13:50]} 9. Na3
{[%clk 0:50:34]} d6 {[%clk 1:12:11]} 10. Nc4 {[%clk 0:48:39]} Be7
{[%clk 1:12:30]} 11. Ne3 {[%clk 0:48:52]} O-O {[%clk 1:12:48]} 12. Bc4
{[%clk 0:36:54]} Nd7 {[%clk 1:12:34]} 13. O-O {[%clk 0:29:41]} Nf6
{[%clk 1:11:43]} 14. Nd2 {[%clk 0:27:14]} b5 {[%clk 1:11:00]} 15. Bb3
{[%clk 0:23:50]} Rb8 {[%clk 1:10:34]} 16. Re1 {[%clk 0:22:23]} Kh8
{[%clk 1:10:31]} 17. Qf3 {[%clk 0:20:04]} g6 {[%clk 1:10:15]} 18. Ndf1
{[%clk 0:19:17]} a5 {[%clk 1:09:58]} 19. a3 {[%clk 0:13:58]} Bb7 {[%clk 1:08:26]}
20. Ng3 {[%clk 0:05:46]} h5 {[%clk 1:07:58]} 21. Nd5 {[%clk 0:05:26]} Nxd5
{[%clk 1:05:28]} 22. Bxd5 {[%clk 0:05:53]} Bxd5 {[%clk 1:05:00]} 23. exd5
{[%clk 0:06:22]} h4 {[%clk 1:04:49]} 24. Nf1 {[%clk 0:06:28]} f5 {[%clk 1:05:09]}
25. Ne3 {[%clk 0:06:27]} Kg7 {[%clk 1:04:09]} 26. h3 {[%clk 0:06:46]} Bg5
{[%clk 1:02:03]} 27. b4 {[%clk 0:06:34]} a4 {[%clk 0:56:19]} 28. c4 bxc4
{[%clk 0:47:26]} 29. Nxc4 {[%clk 0:04:49]} Qc7 {[%clk 0:45:38]} 30. Na5
{[%clk 0:04:06]} e4 {[%clk 0:44:51]} 31. Qd1 {[%clk 0:03:25]} Rbe8
{[%clk 0:44:53]} 32. Kh1 {[%clk 0:01:59]} Kh6 {[%clk 0:39:24]} 33. Ra2
{[%clk 0:01:54]} Qf7 {[%clk 0:39:32]} 34. Rae2 {[%clk 0:01:31]} Re5
{[%clk 0:39:03]} 35. Qxa4 {[%clk 0:00:45]} Rxd5 {[%clk 0:39:19]} 36. Qc6
{[%clk 0:00:43]} Rd3 {[%clk 0:38:38]} 37. Nb7 {[%clk 0:00:49]} Bf4
{[%clk 0:38:39]} 38. a4 {[%clk 0:00:53]} Rb8 {[%clk 0:38:33]} 39. Na5
{[%clk 0:00:41]} Rxb4 {[%clk 0:38:45]} 40. Rc2 {[%clk 0:00:48]} Qd5
{[%clk 0:30:32]} 41. Qc7 {[%clk 0:00:32]} Rb1 {[%clk 0:30:15]} 42. Rcc1
{[%clk 0:00:32]} Rxc1 {[%clk 0:30:36]} 0-1

[Event "Portugal Open 2020"]
[Site "Lisboa POR"]
[Date "2020.01.25"]
[Round "1.10"]
[White "ARIZMENDI MARTINEZ, Julen Luis"]
[Black "REIS, Luis Simoes"]
[Result "1-0"]
[BlackElo "1855"]
[WhiteElo "2505"]
[LiveChessVersion "1.4.8"]

1. e4 {[%clk 1:29:55]} d6 {[%clk 1:30:26]} 2. d4 {[%clk 1:30:11]} Nf6
{[%clk 1:30:41]} 3. Nc3 {[%clk 1:30:26]} g6 {[%clk 1:30:51]} 4. Nf3
{[%clk 1:23:27]} Bg7 {[%clk 1:30:49]} 5. Be2 {[%clk 1:23:47]} O-O
{[%clk 1:30:51]} 6. O-O {[%clk 1:24:11]} Nc6 {[%clk 1:30:38]} 7. d5
{[%clk 1:15:26]} Ne5 {[%clk 1:30:18]} 8. Nxe5 {[%clk 1:04:22]} dxe5
{[%clk 1:30:35]} 9. Be3 {[%clk 1:04:36]} e6 {[%clk 1:30:13]} 10. Bc5
{[%clk 0:54:37]} Re8 {[%clk 1:29:08]} 11. Bb5 {[%clk 0:53:46]} Bd7
{[%clk 1:29:04]} 12. dxe6 {[%clk 0:50:44]} Rxe6 {[%clk 1:29:18]} 13. Qe2
{[%clk 0:44:07]} b6 {[%clk 1:15:55]} 14. Bxd7 {[%clk 0:39:04]} Qxd7
{[%clk 1:14:29]} 15. Be3 {[%clk 0:39:16]} c6 {[%clk 1:09:54]} 16. Rad1
{[%clk 0:36:17]} Rd6 {[%clk 1:08:29]} 17. Rxd6 {[%clk 0:30:09]} Qxd6
{[%clk 1:08:48]} 18. Rd1 {[%clk 0:30:27]} Qb4 {[%clk 0:58:59]} 19. Bc1
{[%clk 0:30:45]} Qe7 {[%clk 0:57:03]} 20. Qc4 {[%clk 0:30:04]} Qb7
{[%clk 0:52:08]} 21. Rd6 {[%clk 0:18:42]} Rc8 {[%clk 0:52:24]} 22. Qd3
{[%clk 0:18:31]} Ne8 {[%clk 0:45:19]} 23. Rd7 {[%clk 0:18:15]} Rc7
{[%clk 0:45:40]} 24. Rd8 {[%clk 0:17:54]} Rc8 {[%clk 0:46:01]} 25. Bg5
{[%clk 0:14:32]} h6 {[%clk 0:25:49]} 26. Be7 {[%clk 0:14:02]} Qb8
{[%clk 0:24:44]} 27. Qd7 {[%clk 0:13:48]} Rxd8 {[%clk 0:24:36]} 28. Bxd8
{[%clk 0:14:10]} Nf6 {[%clk 0:19:32]} 29. Bxf6 {[%clk 0:14:35]} Bxf6
{[%clk 0:19:57]} 30. Qxc6 {[%clk 0:15:01]} Qd8 {[%clk 0:19:10]} 31. Nd5
{[%clk 0:15:21]} Bg7 {[%clk 0:19:17]} 32. Qc8 {[%clk 0:11:46]} Qf8
{[%clk 0:18:07]} 33. Ne7+ {[%clk 0:11:50]} Kh7 {[%clk 0:18:24]} 34. Qxf8
{[%clk 0:12:13]} Bxf8 {[%clk 0:18:48]} 35. Nc8 {[%clk 0:12:14]} f5
{[%clk 0:17:16]} 36. exf5 {[%clk 0:12:27]} gxf5 {[%clk 0:17:37]} 37. Nxa7
{[%clk 0:12:48]} Kg6 {[%clk 0:17:45]} 38. a4 {[%clk 0:11:43]} Kf6
{[%clk 0:17:37]} 39. Nc8 {[%clk 0:11:26]} Bc5 {[%clk 0:17:54]} 40. c3
{[%clk 0:11:45]} e4 {[%clk 0:17:19]} 41. b4 {[%clk 0:12:06]} e3 {[%clk 0:17:27]}
42. Kf1 {[%clk 0:12:31]} 1-0

[Event "Portugal Open 2020"]
[Site "Lisboa POR"]
[Date "2020.01.25"]
[Round "1.13"]
[White "PORTEMAN, Eric"]
[Black "JARACZ, Pawel"]
[Result "0-1"]
[BlackElo "2466"]
[WhiteElo "1847"]
[LiveChessVersion "1.4.8"]

1. c4 {[%clk 1:30:59]} Nf6 {[%clk 1:30:37]} 2. Nc3 {[%clk 1:31:21]} e5
{[%clk 1:30:50]} 3. g3 {[%clk 1:31:34]} Bb4 {[%clk 1:30:48]} 4. Nd5
{[%clk 1:31:16]} Nxd5 {[%clk 1:31:01]} 5. cxd5 {[%clk 1:31:37]} O-O
{[%clk 1:31:04]} 6. Bg2 {[%clk 1:31:47]} d6 {[%clk 1:28:44]} 7. Nf3
{[%clk 1:27:19]} Nd7 {[%clk 1:25:36]} 8. O-O {[%clk 1:24:26]} Nf6
{[%clk 1:19:55]} 9. Qb3 {[%clk 1:22:26]} Bc5 {[%clk 1:18:13]} 10. d3
{[%clk 1:20:50]} h6 {[%clk 1:16:17]} 11. Bd2 {[%clk 1:18:06]} Bd7
{[%clk 1:09:08]} 12. h3 {[%clk 1:15:38]} Re8 {[%clk 1:04:43]} 13. e4
{[%clk 1:07:12]} c6 {[%clk 1:04:20]} 14. dxc6 {[%clk 1:05:36]} Bxc6
{[%clk 1:04:34]} 15. Rac1 {[%clk 1:04:21]} Qd7 {[%clk 1:03:41]} 16. Qd1
{[%clk 1:00:39]} Bb6 {[%clk 1:03:02]} 17. Bc3 {[%clk 0:52:39]} Bc7
{[%clk 0:54:53]} 18. Re1 {[%clk 0:50:33]} Rad8 {[%clk 0:52:32]} 19. Qc2
{[%clk 0:43:57]} d5 {[%clk 0:50:15]} 20. exd5 {[%clk 0:40:10]} Qxd5
{[%clk 0:47:08]} 21. Nh4 {[%clk 0:34:14]} Qxd3 {[%clk 0:45:52]} 22. Bxc6
{[%clk 0:33:55]} bxc6 {[%clk 0:46:02]} 23. Qa4 {[%clk 0:31:32]} Bb6
{[%clk 0:44:08]} 24. Kg2 {[%clk 0:29:00]} Qd5+ {[%clk 0:44:15]} 25. Kg1
{[%clk 0:28:03]} g5 {[%clk 0:37:33]} 26. Nf5 {[%clk 0:25:24]} Qf3
{[%clk 0:37:56]} 27. Ne3 {[%clk 0:24:41]} Ne4 {[%clk 0:36:19]} 28. Qc2
{[%clk 0:20:27]} Rd3 {[%clk 0:28:39]} 29. Qe2 {[%clk 0:15:25]} Qxe2
{[%clk 0:28:55]} 30. Rxe2 {[%clk 0:15:53]} Nxg3 {[%clk 0:29:13]} 31. fxg3
{[%clk 0:15:36]} Bxe3+ {[%clk 0:29:08]} 32. Ra1 0-1

[Event "Portugal Open 2020"]
[Site "Lisboa POR"]
[Date "2020.01.25"]
[Round "1.14"]
[White "STELLA, Andrea"]
[Black "TAYLOR, Robert"]
[Result "1-0"]
[BlackElo "1844"]
[WhiteElo "2465"]
[LiveChessVersion "1.4.8"]

1. d4 {[%clk 1:30:54]} Nf6 {[%clk 1:30:37]} 2. c4 {[%clk 1:31:10]} g6
{[%clk 1:30:10]} 3. g3 {[%clk 1:31:34]} Bg7 {[%clk 1:28:57]} 4. Bg2
{[%clk 1:31:59]} O-O {[%clk 1:29:01]} 5. Nc3 {[%clk 1:32:26]} d6 {[%clk 1:29:20]}
6. Nf3 {[%clk 1:32:51]} Nc6 {[%clk 1:27:51]} 7. O-O {[%clk 1:33:12]} e5
{[%clk 1:27:21]} 8. dxe5 {[%clk 1:33:03]} dxe5 {[%clk 1:27:04]} 9. Bg5
{[%clk 1:32:31]} Qxd1 {[%clk 1:13:29]} 10. Rfxd1 {[%clk 1:28:16]} h6
{[%clk 1:08:24]} 11. Be3 {[%clk 1:25:18]} Bf5 {[%clk 1:00:14]} 12. h3
{[%clk 1:12:01]} Rfd8 {[%clk 0:51:47]} 13. Nb5 {[%clk 0:55:03]} Ne8
{[%clk 0:47:17]} 14. g4 {[%clk 0:55:20]} Be6 {[%clk 0:45:47]} 15. Nd2
{[%clk 0:54:59]} a6 {[%clk 0:37:22]} 16. Nc3 {[%clk 0:52:04]} f5 {[%clk 0:34:28]}
17. Na4 {[%clk 0:34:46]} e4 {[%clk 0:22:20]} 18. gxf5 {[%clk 0:33:41]} gxf5
{[%clk 0:22:34]} 19. f3 {[%clk 0:29:57]} Bd4 {[%clk 0:20:49]} 20. Kf2
{[%clk 0:19:14]} Ne5 {[%clk 0:15:21]} 21. fxe4 {[%clk 0:16:25]} fxe4
{[%clk 0:14:24]} 22. Bxd4 {[%clk 0:12:13]} Rxd4 {[%clk 0:14:30]} 23. Nxe4
{[%clk 0:10:54]} Rad8 {[%clk 0:13:16]} 24. Rxd4 {[%clk 0:11:00]} Rxd4
{[%clk 0:13:38]} 25. b3 {[%clk 0:11:28]} b5 {[%clk 0:10:49]} 26. Nac5
{[%clk 0:11:13]} Bc8 {[%clk 0:11:01]} 27. cxb5 {[%clk 0:11:25]} axb5
{[%clk 0:11:15]} 28. a4 {[%clk 0:11:50]} bxa4 {[%clk 0:10:59]} 29. bxa4
{[%clk 0:12:08]} Nd6 {[%clk 0:11:05]} 30. a5 {[%clk 0:11:35]} Nb5
{[%clk 0:09:47]} 31. a6 {[%clk 0:10:38]} Na7 {[%clk 0:10:12]} 32. Rb1
{[%clk 0:09:58]} Nec6 {[%clk 0:10:22]} 33. Nc3 {[%clk 0:08:44]} Rf4+
{[%clk 0:09:24]} 34. Kg3 {[%clk 0:08:15]} Rf8 {[%clk 0:08:38]} 35. Bd5+
{[%clk 0:06:23]} Kh8 {[%clk 0:08:40]} 36. Nb5 {[%clk 0:05:45]} Nxb5
{[%clk 0:07:47]} 37. Rxb5 {[%clk 0:04:22]} Na7 {[%clk 0:06:57]} 38. Rb8
{[%clk 0:04:18]} Rf5 {[%clk 0:06:36]} 39. e4 {[%clk 0:04:18]} Rf8
{[%clk 0:05:51]} 40. Ra8 {[%clk 0:03:38]} Nb5 {[%clk 0:05:12]} 41. Be6
{[%clk 0:03:47]} Nd6 {[%clk 0:05:11]} 42. e5 1-0

[Event "Portugal Open 2020"]
[Site "Lisboa POR"]
[Date "2020.01.25"]
[Round "1.15"]
[White "BURGHARDT, Michael"]
[Black "HALDORSEN, Benjamin"]
[Result "0-1"]
[BlackElo "2463"]
[WhiteElo "1839"]
[LiveChessVersion "1.4.8"]

1. d4 {[%clk 1:30:59]} Nf6 {[%clk 1:30:43]} 2. Nc3 {[%clk 1:31:26]} d5
{[%clk 1:27:46]} 3. Bf4 {[%clk 1:31:40]} e6 {[%clk 1:26:27]} 4. Nb5
{[%clk 1:29:34]} Na6 {[%clk 1:26:24]} 5. e3 {[%clk 1:29:21]} c6 {[%clk 1:25:36]}
6. Nc3 {[%clk 1:29:37]} Nc7 {[%clk 1:22:53]} 7. Bd3 {[%clk 1:29:17]} c5
{[%clk 1:22:29]} 8. dxc5 {[%clk 1:28:09]} Bxc5 {[%clk 1:22:21]} 9. Qf3
{[%clk 1:26:00]} Bd6 {[%clk 1:18:37]} 10. e4 {[%clk 1:15:05]} e5 {[%clk 1:14:07]}
11. Bg5 {[%clk 1:11:54]} d4 {[%clk 1:12:02]} 12. Nb5 {[%clk 1:00:46]} Be7
{[%clk 1:08:53]} 13. Nxc7+ {[%clk 0:50:08]} Qxc7 {[%clk 1:08:26]} 14. Bxf6
{[%clk 0:44:34]} Bxf6 {[%clk 1:08:41]} 15. Ne2 {[%clk 0:42:55]} h5
{[%clk 0:54:59]} 16. h3 {[%clk 0:35:13]} Qb6 {[%clk 0:54:04]} 17. O-O
{[%clk 0:32:38]} g5 {[%clk 0:47:34]} 18. Bb5+ {[%clk 0:26:15]} Kf8
{[%clk 0:46:52]} 19. Qd3 {[%clk 0:19:29]} Kg7 {[%clk 0:46:17]} 20. Ng3
{[%clk 0:18:50]} h4 {[%clk 0:42:28]} 21. Nf5+ {[%clk 0:17:09]} Bxf5
{[%clk 0:40:53]} 22. exf5 {[%clk 0:17:38]} e4 {[%clk 0:39:59]} 23. Qb3
{[%clk 0:17:48]} Rad8 {[%clk 0:30:32]} 24. Rad1 {[%clk 0:16:53]} Qc5
{[%clk 0:27:31]} 25. Be2 {[%clk 0:15:09]} Qxf5 {[%clk 0:27:04]} 26. Qxb7
{[%clk 0:13:12]} Rhe8 {[%clk 0:21:20]} 27. Qxa7 {[%clk 0:12:25]} Qf4
{[%clk 0:20:58]} 28. Bh5 {[%clk 0:11:30]} Re7 {[%clk 0:20:14]} 0-1

[Event "Portugal Open 2020"]
[Site "Lisboa POR"]
[Date "2020.01.25"]
[Round "1.18"]
[White "STACHOWIAK, Kamil"]
[Black "PFEIFFER, Noah"]
[Result "1-0"]
[BlackElo "1825"]
[WhiteElo "2446"]
[LiveChessVersion "1.4.8"]

1. d4 {[%clk 1:30:19]} g6 {[%clk 1:30:21]} 2. Nf3 {[%clk 1:30:39]} Bg7
{[%clk 1:30:40]} 3. g3 {[%clk 1:31:02]} Nf6 {[%clk 1:30:55]} 4. Bg2
{[%clk 1:31:27]} O-O {[%clk 1:31:18]} 5. O-O {[%clk 1:31:53]} d6 {[%clk 1:31:44]}
6. c4 {[%clk 1:32:08]} Nbd7 {[%clk 1:31:19]} 7. Nc3 {[%clk 1:32:23]} c6
{[%clk 1:31:21]} 8. e4 {[%clk 1:32:29]} e5 {[%clk 1:27:05]} 9. h3
{[%clk 1:31:34]} Qc7 {[%clk 1:26:06]} 10. Be3 {[%clk 1:31:54]} Kh8
{[%clk 1:18:34]} 11. Re1 {[%clk 1:27:16]} Ng8 {[%clk 1:18:14]} 12. Qc2
{[%clk 1:22:33]} Ne7 {[%clk 1:09:20]} 13. Rad1 {[%clk 1:17:56]} exd4
{[%clk 0:31:41]} 14. Nxd4 {[%clk 1:17:19]} Ne5 {[%clk 0:31:03]} 15. Nce2
{[%clk 1:11:46]} a6 {[%clk 0:24:39]} 16. f4 {[%clk 1:08:12]} Nd7 {[%clk 0:23:05]}
17. Nc3 {[%clk 1:06:30]} c5 {[%clk 0:19:52]} 18. Nf3 {[%clk 1:05:25]} Nb6
{[%clk 0:19:08]} 19. b3 {[%clk 1:05:03]} Nc6 {[%clk 0:17:23]} 20. g4
{[%clk 1:02:57]} f5 {[%clk 0:10:22]} 21. gxf5 {[%clk 1:02:25]} gxf5
{[%clk 0:10:27]} 22. Nd5 {[%clk 0:59:21]} Nxd5 {[%clk 0:09:05]} 23. cxd5
{[%clk 0:56:46]} Nb4 {[%clk 0:08:38]} 24. Qd2 {[%clk 0:55:47]} fxe4
{[%clk 0:08:41]} 25. Ng5 {[%clk 0:56:12]} Nd3 {[%clk 0:08:18]} 26. Re2
{[%clk 0:54:33]} Bf5 {[%clk 0:05:53]} 27. Nxe4 {[%clk 0:53:08]} Nb2
{[%clk 0:01:09]} 28. Rc1 {[%clk 0:47:45]} Rae8 {[%clk 0:01:24]} 29. Ng3
{[%clk 0:44:45]} Bd3 {[%clk 0:01:10]} 30. Ree1 {[%clk 0:44:56]} Bg6
{[%clk 0:00:35]} 31. f5 {[%clk 0:40:27]} Bxf5 {[%clk 0:00:38]} 32. Nxf5
{[%clk 0:40:36]} Rxf5 {[%clk 0:00:59]} 33. Bg5 {[%clk 0:38:43]} Rff8
{[%clk 0:00:38]} 34. Re6 {[%clk 0:38:47]} Qd7 {[%clk 0:00:46]} 35. Rce1
{[%clk 0:38:19]} Bd4+ {[%clk 0:00:42]} 36. Kh1 {[%clk 0:37:59]} Qf7
{[%clk 0:00:35]} 37. Be7 {[%clk 0:36:57]} Rg8 {[%clk 0:00:40]} 38. Bxd6
{[%clk 0:37:14]} Rd8 {[%clk 0:00:35]} 39. Be5+ {[%clk 0:37:15]} Bxe5
{[%clk 0:00:56]} 40. R6xe5 {[%clk 0:37:38]} Nd3 {[%clk 0:00:35]} 41. Qxd3
{[%clk 0:37:58]} Rxg2 {[%clk 0:00:56]} 42. Kxg2 {[%clk 0:37:37]} Rg8+
{[%clk 0:01:07]} 43. Kh1 {[%clk 0:37:49]} Qg7 {[%clk 0:01:00]} 44. Qf3
{[%clk 0:37:54]} 1-0